Plague Years (Record no. 571114)

MARC details
000 -LEADER
fixed length control field 01791nam a22001697a 4500
008 - FIXED-LENGTH DATA ELEMENTS--GENERAL INFORMATION
fixed length control field 250514b |||||||| |||| 00| 0 eng d
020 ## - INTERNATIONAL STANDARD BOOK NUMBER
ISBN 9780226718767
Paper back/Hardbound HBK
082 ## - DEWEY DECIMAL CLASSIFICATION NUMBER
Classification number 616.9792
Item number SLO
100 ## - MAIN ENTRY--AUTHOR NAME
Personal name Ross A. Slotten, MD
245 ## - TITLE STATEMENT
Title Plague Years
Sub Title A Doctor's Journey through the AIDS crisis
Statement of responsibility, etc Ross A. Slotten, MD
260 ## - PUBLICATION, DISTRIBUTION, ETC. (IMPRINT)
Place of publication London
Name of publisher The University of Chicago Press
Year of publication 2020
300 ## - PHYSICAL DESCRIPTION
Number of Pages 214p
520 ## - SUMMARY, ETC.
Summary, etc In 1992, Dr. Ross A. Slotten signed more death certificates in Chicago—and, by inference, the state of Illinois—than anyone else. As a family physician, he was trained to care for patients from birth to death, but when he completed his residency in 1984, he had no idea that many of his future patients would be cut down in the prime of their lives. Among those patients were friends, colleagues, and lovers, shunned by most of the medical community because they were gay and HIV positive. Slotten wasn’t an infectious disease specialist, but because of his unique position as both a gay man and a young physician, he became an unlikely pioneer, swept up in one of the worst epidemics in modern history.<br/><br/>Plague Years is an unprecedented first-person account of that epidemic, spanning not just the city of Chicago but four continents as well. Slotten provides an intimate yet comprehensive view of the disease’s spread alongside heartfelt portraits of his patients and his own conflicted feelings as a medical professional, drawn from more than thirty years of personal notebooks. In telling the story of someone who was as much a potential patient as a doctor, Plague Years sheds light on the darkest hours in the history of the LGBT community in ways that no previous medical memoir has.
650 ## - SUBJECT ADDED ENTRY--TOPICAL TERM
Topical Term Medical sciences
942 ## - ADDED ENTRY ELEMENTS (KOHA)
Koha item type English Books
Holdings
Withdrawn status Lost status Damaged status Not for loan Home library Current library Shelving location Date acquired Cost, normal purchase price Full call number Accession Number Price effective from Koha item type
        Anna Centenary Library Anna Centenary Library 5TH FLOOR, B WING 25.03.2025 1911.00 616.9792 SLO 702662 15.05.2025 English Books
        Anna Centenary Library Anna Centenary Library 5TH FLOOR, B WING 25.03.2025 1911.00 616.9792 SLO 702663 15.05.2025 English Books

Find us on the map